Reforming the Drug Compounding Regulatory Framework.

Bibliographic Details
Corporate Author: United States. Congress. House. Committee on Energy and Commerce. Subcommittee on Health
Format: Government Document eBook
Language:English
Published: Bethesda, Md. : ProQuest, 2013.
Subjects:
Online Access:Electronic resource (PDF)

MARC

Tag First Indicator Second Indicator Subfields
LEADER 00000cam a22000001a 4500
001 in00004120721
005 20200117093936.0
006 m d f
007 cr bn mmmapmmp
008 140925s2013 mdu o f000 0 eng d
035 |a chdc20140751 
040 |a UMI  |c UMI  |d UtOrBLW 
043 |a n-us--- 
086 0 |a Y 4.C 73/8:113-70 
110 1 |a United States.  |b Congress.  |b House.  |b Committee on Energy and Commerce.  |b Subcommittee on Health.  |0 http://id.loc.gov/authorities/names/no2001059548 
245 1 0 |a Reforming the Drug Compounding Regulatory Framework. 
264 1 |a Bethesda, Md. :  |b ProQuest,  |c 2013. 
300 |a 196 pages, digital, PDF file. 
336 |a text  |b txt  |2 rdacontent 
337 |a computer  |b c  |2 rdamedia 
338 |a online resource  |b cr  |2 rdacarrier 
500 |a Record is based on bibliographic data in ProQuest U.S. Congressional Hearings Digital Collection. Reuse except for individual research requires license from ProQuest, LLC. 
500 |a Electronic resource. 
533 |a Electronic reproduction.  |b [Bethesda, Md.] :  |c ProQuest,  |d 2014.  |e digital, PDF file.  |n ProQuest Congressional Hearings Digital Collection.  |n Mode of access: World Wide Web via ProQuest website. 
538 |a System requirements: PDF reader software. 
610 1 0 |a United States.  |b Food and Drug Administration.  |0 http://id.loc.gov/authorities/names/n80126147 
650 0 |a Drugs  |x Dosage forms  |z United States. 
650 0 |a Pharmaceutical industry  |x Government policy  |z United States. 
650 0 |a Medical policy  |z United States.  |0 http://id.loc.gov/authorities/subjects/sh2008107275 
776 0 8 |i Microfiche version:   |a United States. Congress. House. Committee on Energy and Commerce. Subcommittee on Health  |t Reforming the Drug Compounding Regulatory Framework  |o CIS 2014 H361-73  |w chdc20140751 
856 4 0 |u http://proxy.library.tamu.edu/login?url=http://search.proquest.com/congcomp/getdoc?HEARING-ID=HRG-2013-HEC-0074  |y Electronic resource (PDF)  |z CIS 2014-H361-73  |t 0 
998 |a chdc20140751 
999 f f |s a95df1d9-e958-360d-b50d-e2b26bb0b20d  |i 581be1ac-36d5-30ea-8250-aa60f69b4c2d  |t 0 
952 f f |a Texas A&M University  |b College Station  |c Electronic Resources  |d Available Online  |t 0  |e Y 4.C 73/8:113-70  |h Superintendent of Documents classification 
998 f f |a Y 4.C 73/8:113-70  |t 0  |l Available Online